000 00604nam a2200229Ia 4500
003 BUBTL
008 151213s9999 xx 000 0 und d
020 _a052158700
082 _a401.43/ P1821s/ 1996
100 _aPalmer, F. R.
_94811
245 _aSemantics :
_cF. R. Palmer
250 _a2nd Edn
260 _aUnited Kindom
_bCambridge University Press
_cc1996
300 _a[vi],221p. :
_b20 cm
500 _aIncludes Index
650 _aEnglish
650 _a
700 _aF. R. Palmen
_94812
856 _k0
_l0
_yDownload
942 _2ddc
_cBK
999 _c4687
_d4687